LIBRARY & INFORMATION CENTRE, KCAET, TAVANUR

ONLINE PUBLIC ACCESS CATALOGUE (OPAC)

Fundamentals of Soil Science (Record no. 14673)

MARC details
000 -LEADER
fixed length control field 00308nam a22001337a 4500
020 ## - INTERNATIONAL STANDARD BOOK NUMBER
ISBN 9788176220613
082 ## - DEWEY DECIMAL CLASSIFICATION NUMBER
Classification number 631.4
Item number MIL/FU
100 ## - MAIN ENTRY--AUTHOR NAME
Personal name Miller C.E.
100 ## - MAIN ENTRY--AUTHOR NAME
Personal name Turk L.M.
245 ## - TITLE STATEMENT
Title Fundamentals of Soil Science
260 ## - PUBLICATION, DISTRIBUTION, ETC. (IMPRINT)
Place of publication Delhi
Name of publisher Biotech Books
Year of publication 2008
300 ## - PHYSICAL DESCRIPTION
Number of Pages 462
942 ## - ADDED ENTRY ELEMENTS (KOHA)
Koha item type Books
Holdings
Withdrawn status Lost status Damaged status Collection code Home library Current library Shelving location Date acquired Source of acquisition Cost, normal purchase price Full call number Accession Number Koha item type
        KAUAET KAUAET General Stacks 25/07/2016 Universal Research Books. 1650.00 631.4 MIL/FU 24289 Books
free website counter